Regional history of medieval India: Society, culture and economy (Record no. 394975)

MARC details
000 -LEADER
fixed length control field 00499 a2200181 4500
005 - DATE & TIME
control field 20260430145046.0
008 - FIXED-LENGTH DATA ELEMENTS--GENERAL INFORMATION
fixed length control field 260430b |||||||| |||| 00| 0 eng d
020 ## - ISBN
International Standard Book Number 9789390729227
Price Rs. 2195.00
040 ## - CATALOGING SOURCE
Original cataloging agency VIVEKANANDA LIBRARY
082 ## - DDC NUMBER
Classification number 954.02
Book Number K527R
100 ## - MAIN ENTRY--PERSONAL NAME
Personal name Khan, Yaqub Ali, ed.
245 ## - TITLE STATEMENT
Title Regional history of medieval India: Society, culture and economy
260 ## - PUBLICATION, DISTRIBUTION, ETC. (IMPRINT)
Name of publisher, distributor, etc Manohar Publishers
Date of publication, distribution, etc 2023
Place of publication, distribution, etc New Delhi
300 ## - PHYSICAL DESCRIPTION
Pages 416
650 ## - Subject
Subject History
650 ## - Subject
Subject Medieval India
942 ## - ADDED ENTRY ELEMENTS (KOHA)
Koha item type Books
Holdings
Withdrawn status Lost status Source of classification or shelving scheme Damaged status Not for loan Location (home branch) Sublocation or collection (holding branch) Shelving location Date acquired Koha issues (times borrowed) Koha full call number Accession No. Koha date last seen Koha item type
    Dewey Decimal Classification     VIVEKANANDA LIBRARY VIVEKANANDA LIBRARY Vivekananda Library 04/02/2026   954.02 K527R 438105 04/02/2026 Books
© Designed and Maintained by Vivekananda Library, MDU Rohtak